Industrial Asia year book(a surevy of industrial progress in countries of Asia) (Record no. 370273)

000 -LEADER
fixed length control field 00328cam a22000977a 4500
008 - FIXED-LENGTH DATA ELEMENTS--GENERAL INFORMATION
fixed length control field 180718b1959 xxu||||| |||| 00| 0 eng d
082 ## - DEWEY DECIMAL CLASSIFICATION NUMBER
Classification number T2064x54 In2
245 ## - TITLE STATEMENT
Title Industrial Asia year book(a surevy of industrial progress in countries of Asia)
260 ## - PUBLICATION, DISTRIBUTION, ETC.
Place of publication, distribution, etc. Bombay
Name of publisher, distributor, etc. Asia Studies Press
Date of publication, distribution, etc. 1959
650 ## - SUBJECT ADDED ENTRY--TOPICAL TERM
Topical term or geographic name entry element Industry - Asia - Year Books
Holdings
Withdrawn status Lost status Damaged status Not for loan Permanent Location Current Location Date acquired Full call number Barcode Date last seen Price effective from Koha item type
        Indian Institute of Public Administration Indian Institute of Public Administration 1994-06-04 T2064x54 In2 25438 2018-07-21 2018-07-21 Book

Powered by Koha